Loading...

Metaphysics of perpetual change : the concept of self in early Buddhism /

Bibliographic Details
Main Author: Chandra, Pratap
Format: Printed Book
Language:English
Published: Bombay : Somaiya Publications, c1978.
Subjects:
LEADER 00869cam a2200205 i 4500
008 800213s1978 ii b 001 0 eng
082 0 0 |a 294.3/422 
100 1 |a Chandra, Pratap  
245 1 0 |a Metaphysics of perpetual change :  |b the concept of self in early Buddhism /  |c Pratap Chandra. 
260 |a Bombay :  |b Somaiya Publications,  |c c1978. 
300 |a xii, 275 p. ;  |c 22 cm. 
500 |a A revision of the author's thesis, University of Saugar, 1970, under the title: The concept of self in early Buddhism. 
500 |a Includes index. 
504 |a Bibliography: p. [252]-255. 
650 0 |a Anātman. 
650 0 |a Buddhism  |x Doctrines. 
906 |a 7  |b cbc  |c orignew  |d 4  |e ncip  |f 19  |g y-gencatlg 
942 |c BK 
999 |c 277008  |d 277008 
952 |0 0  |1 0  |2 ddc  |4 0  |6 294_300000000000000_422_CHA_M  |7 0  |9 311582  |a PHL  |b PHL  |c ST1  |d 2016-01-28  |i 1778  |o 294.3/422 CHA/M  |p PHL1778  |r 2019-09-20  |y BK